000 00526nam a2200169Ia 4500
008 240729s9999 xx 000 0 und d
022 _a2345-3672
245 0 _aIranian Journal of Medical Physics
260 _aIran, Islamic Republic of
260 _bMashhad University of Medical Sciences
650 _a Medical physics. Medical radiology. Nuclear medicine
650 _a Medicine (General)
650 _aMedicine
856 _uhttps://doaj.org/toc/8e1655f0ed7a4863ac5270d2ff92b48c
942 _2ddc
942 _cDOAJEJ
999 _c65636
_d65636
945 _a1
_bMadushi Gamage
_c1
_dMadushi Gamage